00403nam a22001337a 450000500170000001000140001703500130003103700130004408200150005724500300007226000420010227001000014430000250024420100804121534.0 aENG-98126 aEN-81659 bDBAD/PUB a342.595082 aThe passports act, 1967 / aDelhibUniversal Law Publishingc2010 aC-FF-1A, Dilkhush Industrial Estate,(Opp. Hans Cinema, Azadpur) G.T. Karnal RoadbDelhie110033 aii, 78p.c24cm (pbk)